000 00824nas a2200253 4500
001 BR9406212
003 BR-BrBNA
005 20231205093744.0
007 ta
008 230509b bl.|||p| |||| 00| 00por d
040 _aBR-BrBNA
_bpor
_cBiblioteca Nacional de Agricultura
041 _a(Pt)
072 _aH10; F30
100 1 _aTonet, G.L.
100 1 _aSilva, R.F.P. da
245 1 _aAntibiose de genotipos de trigo ao biotipo C do pulgao-verde-dos-cereais, Schizaphis graminum (Rondani, 1852)Homoptera: Aphididae)
650 _aTrigo
650 _aPulgao
650 _aPraga de Planta
650 _aVariedade Resistente
773 0 _tPesquisa Agropecuaria Brasileira (Brazil)
_xISSN 0100-204X
_g(Aug 1994), v. 29(8) p. 1181-1186
_wBR9406212
909 _a202311
_bLúcia
_c55
_dLúcia Elande
942 _2AGRIS
_n0
_cANA
999 _c140239
_d140239